La sangre de la aurora.
Guardat en:
| Autor principal: | |
|---|---|
| Format: | Llibre |
| Idioma: | anglès |
| Publicat: |
Valparaíso, Chile
Ediciones Libro del Cardo,
2019
|
| Edició: | Primera edición |
| Matèries: | |
| Etiquetes: |
Afegir etiqueta
Sense etiquetes, Sigues el primer a etiquetar aquest registre!
|
MARC
| LEADER | 00000nam a22000007a 4500 | ||
|---|---|---|---|
| 003 | CL-VaPUC | ||
| 005 | 20211005142121.0 | ||
| 008 | 210805b2019 ||||| |||| 00| 0 eng d | ||
| 999 | |c 433411 |d 433409 | ||
| 020 | |a 978-956-951-022-9 | ||
| 040 | |c Pontificia Universidad Católica de Valparaíso | ||
| 082 | 0 | 4 | |2 21 |a Pe863.7 SAL 2019 |
| 100 | 1 | |a Salazar Jiménez, Claudia |e autora |9 862413 | |
| 245 | 1 | 3 | |a La sangre de la aurora. |
| 250 | |a Primera edición | ||
| 260 | |a Valparaíso, Chile |b Ediciones Libro del Cardo, |c 2019 | ||
| 300 | |a 92 páginas | ||
| 500 | |a Donación Prof. Sr. Raúl Rodríguez F., Inst. Literatura Memo 6/2021 21/7/2021 | ||
| 583 | |c 20210805 |k Cristina Rojas | ||
| 650 | 1 | |a Novelas peruanas |9 862460 | |
| 650 | 1 | |a Literatura peruana |9 257452 |x Mujeres | |
| 650 | 1 | |a Sendero Luminoso |x Terrorismo |z Perú |9 862461 | |
| 650 | 1 | |a Novela histórica |z Perú |9 862462 | |
| 942 | |2 ddc |c BK | ||
| 952 | |0 0 |1 0 |2 ddc |4 0 |6 PE_863_700000000000000_SAL_2019 |7 0 |8 A |9 578561 |a FDOPOS |b FDOPOS |d 2021-08-05 |i 5623022 |o Pe863.7 SAL 2019 |p 5623022 |r 2025-01-22 |t 1 |w 2021-08-05 |y BK |k DLH | ||